000 00504nam a2200205Ia 4500
999 _c9397
_d9397
003 0100
005 20190219122243.0
008 130303s9999 xx 000 0 und d
020 _a0869225375
040 _cARRUPELIB
050 _aBX1682.Z55A87 1992
100 _aAuret, Diana
_944784
245 _aReaching for justice
_bthe Catholic Commission for Justice and Peace 1972-1992
_cDiana Auret
260 _aGweru
_bMambo Press
_c1992
300 _axii, 277p. ;
_c22cm.
942 _2lcc
_cMONOGRAPH